000 00454nam a2200181Ia 4500
001 15743
003 IN-NITTTR
005 20251114233148.0
008 251113s9999||||xx |||||||||||||| ||eng||
040 _beng
040 _cIN-NITTTR
041 _aeng
082 _a004 S38C
100 _aSilver, Gerald A.
245 0 _aComputers and information processing /
_cSilver, Gerald A., Silver, Myrna L.
700 _a Silver, Myrna L.
942 _2ddc
_cBK
999 _c18377
_d18377